ห้องสมุด วิทยาลัยพยาบาลบรมราชชนนี อุดรธานี
Boromarajonani College of Nursing, Udonthani
เปลี่ยนเป็นภาษาไทย

Change to English
 แสดงรายละเอียดบรรณานุกรม
  กลับหน้าหลัก

Brief Record : Get Marc (ISO 2709) : E-mail record : QR code ปิดหน้าต่าง
หนังสืออ้างอิง : เกี่ยวกับ Collections
mysqli: Table './ulib2015/stat_globaluid' is marked as crashed and last (automatic?) repair failed
select id from stat_globaluid where statuid='20260418134116_2780' 
mysqli: Table './ulib2015/stat_globaluid' is marked as crashed and last (automatic?) repair failed
DELETE FROM stat_globaluid
			WHERE id NOT IN (
			  SELECT id
			  FROM (
				SELECT id
				FROM stat_globaluid
				ORDER BY id DESC
				LIMIT 100
			  ) foo
			); 
mysqli: Table './ulib2015/stat_globaluid' is marked as crashed and last (automatic?) repair failed
insert into stat_globaluid set
		statuid='20260418134116_2780',
		dt='1776494476',
		phpself='/ULIB/dublinfull.php',
		agent='Mozilla/5.0 AppleWebKit/537.36 (KHTML, like Gecko; compatible; ClaudeBot/1.0; +claudebot@anthropic.com)',
		yea='2026',
		mon='4',
		dat='18',
		ip='216.73.216.142'
		
		
LEADER 00674nam 2200229 a 4500
001    11368
003     ULIBM
008    010711s2540 th m a001 0 tha d
050  4 ^aWS^bก344ค 2540
245 10 ^aคู่มืออบรม อสม.เรื่องโรคติดเชื้อเฉียบพลันระบบหายใจในเด็ก/^cกองวัณโรค
250    ^aพิมพ์ครั้งที่ 2.
260    ^aกรุงเทพฯ:^bโรงพิมพ์การศาสนา,^c2540
300    ^a 70 หน้า.
650  7 ^aการอบรม อสม.--คู่มือ
700 0  ^aโรคติดเชื้อเฉียบพลัน--ระบบการหายใจในเด็ก
945    ^p0^l0^i4305
999     ^aลิขิตลักษณ์
รายการนี้ยังไม่มีแท็ก
คุณยังไม่ได้ล็อกอิน คุณสามารถมีกิจกรรมร่วมกับเว็บไซต์ได้ แต่ต้องล็อกอินก่อน ::
  ล็อกอิน
ลำดับที่ ประเภท เลขเรียก/บาร์โค้ด สถานที่ สถานะ
1. หนังสือการพยาบาล
หนังสือการพยาบาล
WS ก344ค 2540  
  Barcode: 4305
หนังสือทั่วไป On Shelf
   [แสดง 1/1 รายการ]

mysqli: Can't create/write to file '/var/tmp/#sql_59d_0.MAI' (Errcode: 2)
select * from index_db where titl like '%คู่มืออบรม อสม.เรื่องโรคติดเชื้อเฉียบพลันระบบหายใจในเด็ก/ กองวัณโรค%' and mid<>'11368'  order by rand() limit 3
mysqli: Can't create/write to file '/var/tmp/#sql_59d_0.MAI' (Errcode: 2)
select * from index_db where subj like '%การอบรม อสม.--คู่มือ%' and mid<>'11368'  order by rand() limit 3

BibComment


ยังไม่เคยถูกคอมเมนท์

คอมเมนท์ทรัพยากรรายการนี้
  คอมเมนท์: คู่มืออบรม อสมเร..
Bib 11368

 
 
 

 Union Library Management : ULibM
Copyright 2026. All Rights Reserved.